<?xml version="1.0" encoding="UTF-8"?>
<marc:record xmlns:marc="http://www.loc.gov/MARC21/slim">
   <marc:leader>00000nam a2200000 a 4500</marc:leader>
   <marc:datafield ind1="1" ind2=" " tag="100">
      <marc:subfield code="a">Chapman, Jane</marc:subfield>
      <marc:subfield code="4">aut</marc:subfield>
      <marc:subfield code="e">Verfasser/-in</marc:subfield>
   </marc:datafield>
   <marc:datafield ind1=" " ind2=" " tag="653">
      <marc:subfield code="a">Freundschaft</marc:subfield>
   </marc:datafield>
   <marc:datafield ind1=" " ind2=" " tag="653">
      <marc:subfield code="a">Antolin Klasse-1</marc:subfield>
   </marc:datafield>
   <marc:datafield ind1="0" ind2="0" tag="245">
      <marc:subfield code="a">Ein fabelhafter Freundetag</marc:subfield>
   </marc:datafield>
   <marc:datafield ind1=" " ind2="1" tag="264">
      <marc:subfield code="b">Loewe</marc:subfield>
      <marc:subfield code="c">2012</marc:subfield>
   </marc:datafield>
   <marc:datafield ind1="1" ind2=" " tag="520">
      <marc:subfield code="a">Wie man die allerbesten Freunde findet. (ab 2) (JD) Eine freundliche, pummelige Maus setzt sich auf einen Stein am Fluss und wartet auf ihre allerbesten Freunde. Da taucht der Hase auf und hilft ihr warten, dann kommen der Frosch und die Schildkröte und warten mit der Maus. Gemeinsam verbringen sie einen schönen Tag, spielen und picknicken und die Maus entdeckt, dass ihre allerbesten Freunde längst da sind. Die großflächigen Bilder führen uns an ein stilles, friedliches, idyllisches Flussufer mit Blümchen und Tierchen - alle sind sie niedlich und putzig. Die Geschichte kommt mit wenig Text aus und wird vor allem über die Bilder "erzählt", daher schon für Kinder ab 2 geeignet.</marc:subfield>
   </marc:datafield>
   <marc:datafield ind1=" " ind2=" " tag="020">
      <marc:subfield code="a">9783785573419</marc:subfield>
      <marc:subfield code="9">9783785573419</marc:subfield>
   </marc:datafield>
</marc:record>
